The contested commons: (Record no. 18179)

MARC details
000 -LEADER
fixed length control field 01087nam a2200301 a 4500
005 - DATE AND TIME OF LATEST TRANSACTION
control field 20020626165708.0
008 - FIXED-LENGTH DATA ELEMENTS--GENERAL INFORMATION
fixed length control field 000825s2001 nyu | b 00| 0 eng
010 ## - LCCN (DPL NO)
LC control number ENG-91570
020 ## - INTERNATIONAL STANDARD BOOK NUMBER
International Standard Book Number 9780195698503
Terms of availability 695.00
020 ## - INTERNATIONAL STANDARD BOOK NUMBER
International Standard Book Number 0195698509
Terms of availability 695.00
035 ## - SYSTEM CONTROL NUMBER
System control number EN-75103
037 ## - SOURCE OF ACQUISITION
Source of stock number/acquisition DBAD / PUB
040 ## - CATALOGING SOURCE
Original cataloging agency dpl
Language of cataloging English
082 ## - DEWEY DECIMAL CLASSIFICATION NUMBER
Classification number 333.2
245 ## - TITLE STATEMENT
Title The contested commons:
Statement of responsibility, etc edited by Pranab Bardhan (and) Isha Ray
Remainder of title conversations between economists and anthropologists /
260 ## - PUBLICATION, DISTRIBUTION, ETC. (IMPRINT)
Place of publication, distribution, etc New Delhi
Name of publisher, distributor, etc Oxford University Press
Date of publication, distribution, etc 2008
300 ## - PHYSICAL DESCRIPTION
Extent x, 289p.
Dimensions 24 cm (Hb)
500 ## - GENERAL NOTE
General note Includes index
650 ## - SUBJECT ADDED ENTRY--TOPICAL TERM
Topical term or geographic name as entry element Commons
650 ## - SUBJECT ADDED ENTRY--TOPICAL TERM
Topical term or geographic name as entry element Natural resources, Communal
650 ## - SUBJECT ADDED ENTRY--TOPICAL TERM
Topical term or geographic name as entry element Communication in international relations
650 ## - SUBJECT ADDED ENTRY--TOPICAL TERM
Topical term or geographic name as entry element Economic anthropology
700 ## - ADDED ENTRY--PERSONAL NAME
Personal name Bardhan, Pranab
700 ## - ADDED ENTRY--PERSONAL NAME
Personal name Ray, Isha
942 ## - ADDED ENTRY ELEMENTS (KOHA)
Source of classification or shelving scheme Dewey Decimal Classification
Item type English Books
Call number suffix CON
Classification part 333.2
Holdings
Withdrawn status Lost status Source of classification or shelving scheme Damaged status Not for loan Collection code Home library Current library Date acquired Source of acquisition Cost, normal purchase price Total Checkouts Full call number Barcode Date last seen Copy number Cost, replacement price Koha item type
    Dewey Decimal Classification   Not For Loan Non-fiction D.B.Act.Division D.B.Act.Division 07/11/2008 DBAD / PUB 695.00   333.2 CON EN-75103 07/11/2008 1 695.00 English Books

© Delhi Public Library
Hit Counter
free hit counter